[Event "Hessen-ch U17 op"]
[Site "Bad Homburg"]
[Date "2015.04.02"]
[Round "5"]
[White "Dietl, Vinzent"]
[Black "Albert, Rene"]
[Result "1-0"]
[WhiteElo "921"]
[BlackElo "783"]
[PlyCount "44"]
[EventDate "2015.03.30"]
[EventType "swiss"]
[EventRounds "7"]
[EventCountry "GER"]
[SourceTitle "EXT 2017"]
[Source "ChessBase"]
[SourceDate "2016.10.25"]
[SourceVersion "1"]
[SourceVersionDate "2016.10.25"]
[SourceQuality "1"]

1. e4 e5 2. Nf3 Nc6 3. Bc4 Bc5 4. c3 d6 5. h3 Be6 6. Bxe6 fxe6 7. d4 exd4 8. Nxd4 Qf6 9. Be3 e5 10. Nxc6 bxc6 11. Bxc5 dxc5 12. 0-0 Ne7 13. Qd3 Rd8 14. Qc4 Qh4 15. Na3 Rb8 16. b3 Nd5 17. exd5 Qf6 18. Qxc5 cxd5 19. Qxa7 Qd8 20. Qa4+ Kf7 21. Nc2 Rf8 22. Rfe1 Kg8 1-0

[Event "Hessen-ch U17 op"]
[Site "Bad Homburg"]
[Date "2015.03.30"]
[Round "3"]
[White "Dietl, Vinzent"]
[Black "Abraham, Moritz"]
[Result "0-1"]
[WhiteElo "921"]
[BlackElo "788"]
[PlyCount "104"]
[EventDate "2015.03.30"]
[EventType "swiss"]
[EventRounds "7"]
[EventCountry "GER"]
[SourceTitle "EXT 2017"]
[Source "ChessBase"]
[SourceDate "2016.10.25"]
[SourceVersion "1"]
[SourceVersionDate "2016.10.25"]
[SourceQuality "1"]

1. e4 e5 2. Nf3 Nc6 3. Bc4 Bc5 4. Nc3 Nf6 5. d3 d6 6. Bd2 Bg4 7. Nd5 0-0 8. Bg5 Nd4 9. h3 Bh5 10. g4 Bg6 11. Bh4 c6 12. Nxf6+ gxf6 13. Nxd4 Bxd4 14. c3 Bb6 15. Qd2 Kg7 16. g5 f5 17. exf5 Bxf5 18. Qe2 d5 19. Bb3 e4 20. Qh5 Qd6 21. Bg3 Qg6 22. Be5+ f6 23. gxf6+ Kf7 24. Bd1 Bd8 25. Rg1 Qxh5 26. Bxh5+ Ke6 27. d4 Bxh3 28. Bg4+ Bxg4 29. Rxg4 Bxf6 30. Bxf6 Rxf6 31. Rg2 h5 32. 0-0-0 h4 33. Rdg1 Kf7 34. Rg7+ Ke6 35. R7g6 Rxg6 36. Rxg6+ Kf5 37. Rg7 b5 38. Rh7 Kg4 39. Kd2 Rf8 40. Ke3 a6 41. b4 Rf5 42. Rg7+ Rg5 43. Rxg5+ Kxg5 44. f4+ Kf5 45. Kf2 Kxf4 46. Ke2 h3 47. Kf2 e3+ 48. Kf1 e2+ 49. Kf2 e1Q+ 50. Kxe1 h2 51. Kf2 h1Q 52. a3 Qa1 0-1

[Event "Hessen-ch U12"]
[Site "Bad Homburg"]
[Date "2014.??.??"]
[Round "9"]
[White "Dietl, Vinzent"]
[Black "Everett, Josias"]
[Result "1/2-1/2"]
[WhiteElo "807"]
[BlackElo "764"]
[PlyCount "76"]
[EventDate "2014.04.??"]
[EventType "swiss"]
[EventRounds "9"]
[EventCountry "GER"]
[SourceTitle "EXT 2022"]
[Source "ChessBase"]
[SourceDate "2021.10.06"]
[SourceVersion "1"]
[SourceVersionDate "2021.10.06"]
[SourceQuality "1"]

1. e4 e5 2. Nf3 Nc6 3. a3 Nf6 4. Nc3 d5 5. Bd3 d4 6. Nb5 a6 7. Bc4 axb5 8. Bxb5 Bd7 9. Bc4 Nxe4 10. Qe2 Nd6 11. Bb3 Be7 12. c3 e4 13. Nxd4 Nxd4 14. cxd4 0-0 15. d3 Bf5 16. Bc2 Bf6 17. Be3 Re8 18. 0-0-0 exd3 19. Bxd3 Bxd4 20. Bxf5 Nxf5 21. Qf3 Bxe3+ 22. Kb1 Qf6 23. fxe3 c6 24. e4 Nh6 25. Qxf6 gxf6 26. Rde1 Ng4 27. h3 Nf2 28. Rhf1 Nd3 29. Re3 Nc5 30. Rf4 Rad8 31. Ka2 b5 32. b4 Rd2+ 33. Kb1 Nd3 34. Rxf6 Rf2 35. Rxc6 Rf1+ 36. Kc2 Ne1+ 37. Kd2 Rd8+ 38. Ke2 Rh1 1/2-1/2

[Event "Hessen-ch U12"]
[Site "Bad Homburg"]
[Date "2013.??.??"]
[Round "4"]
[White "Behrendt, Karl"]
[Black "Dietl, Vinzent"]
[Result "1/2-1/2"]
[WhiteElo "860"]
[BlackElo "711"]
[PlyCount "35"]
[EventDate "2013.03.??"]
[EventType "swiss"]
[EventRounds "9"]
[EventCountry "GER"]
[SourceTitle "EXT 2014"]
[Source "ChessBase"]
[SourceDate "2013.11.20"]
[SourceVersion "1"]
[SourceVersionDate "2013.11.20"]
[SourceQuality "1"]

1. e4 e5 2. Nf3 Nc6 3. Bc4 Nf6 4. d3 Bc5 5. Nc3 d6 6. Bg5 Be6 7. Bxe6 fxe6 8. 0-0 0-0 9. a3 Qe8 10. Nb5 Bb6 11. c4 Ng4 12. Qd2 a6 13. Nc3 Nd4 14. Nxd4 Bxd4 15. Nd1 Qh5 16. h3 Nf6 17. Be3 c5 18. Bxd4 1/2-1/2

[Event "Hessen-ch U12"]
[Site "Bad Homburg"]
[Date "2013.??.??"]
[Round "5"]
[White "Dietl, Vinzent"]
[Black "Diewald, Simon"]
[Result "1-0"]
[WhiteElo "711"]
[BlackElo "813"]
[PlyCount "59"]
[EventDate "2013.03.??"]
[EventType "swiss"]
[EventRounds "9"]
[EventCountry "GER"]
[SourceTitle "EXT 2014"]
[Source "ChessBase"]
[SourceDate "2013.11.20"]
[SourceVersion "1"]
[SourceVersionDate "2013.11.20"]
[SourceQuality "1"]

1. e4 d6 2. Nf3 a6 3. Nc3 g6 4. Bc4 e6 5. d3 Bg7 6. Be3 b5 7. Bb3 Bb7 8. Qe2 Ne7 9. 0-0-0 Nd7 10. d4 c5 11. d5 c4 12. Bxc4 bxc4 13. Qxc4 e5 14. Qb4 Qc7 15. Rd3 Nf6 16. Bb6 Qd7 17. Na4 Ng4 18. Rc3 0-0 19. Rc7 Qe8 20. Rxb7 Nxf2 21. Bxf2 Bh6+ 22. Kb1 f5 23. Qxd6 Rd8 24. Qe6+ Rf7 25. Bh4 fxe4 26. Rxe7 Qf8 27. Nxe5 Kg7 28. Rxf7+ Qxf7 29. Qxf7+ Kh8 30. Bf6+ 1-0

[Event "Hessen-ch U12"]
[Site "Bad Homburg"]
[Date "2013.??.??"]
[Round "7"]
[White "Westhof, Benedikt"]
[Black "Dietl, Vinzent"]
[Result "1-0"]
[WhiteElo "741"]
[BlackElo "711"]
[PlyCount "43"]
[EventDate "2013.03.??"]
[EventType "swiss"]
[EventRounds "9"]
[EventCountry "GER"]
[SourceTitle "EXT 2014"]
[Source "ChessBase"]
[SourceDate "2013.11.20"]
[SourceVersion "1"]
[SourceVersionDate "2013.11.20"]
[SourceQuality "1"]

1. e4 e5 2. Nf3 Nc6 3. Bc4 Nf6 4. Ng5 d5 5. exd5 Nd4 6. c3 Bg4 7. f3 Bf5 8. cxd4 Nxd5 9. Bxd5 Qxd5 10. Qa4+ Bd7 11. Nc3 Bxa4 12. Nxd5 0-0-0 13. Nxf7 Rxd5 14. Nxh8 Be7 15. 0-0 Rxd4 16. b3 Bc6 17. Kh1 Bb5 18. Re1 Rd3 19. Bb2 Rxd2 20. Bxe5 Be2 21. Bc3 Rc2 22. Bxg7 1-0